000 01004nam a2200253Ia 4500
003 OSt
005 20220923211039.0
006 a|||||r|||| 00| 0
007 ta
008 220922b |||||||| |||| 00| 0 hin d
020 _a8173120277 (hbk)
_c350
024 _a234,110
037 _b446, 19/03/2008, Swaraj Prakashan
_cTextual
040 _aARTS
_cARTS
_bhin
041 _2hin
_ahin
082 _aO152,2M89:g(P), P4
100 _aशर्मा, साधना
_9156290
245 0 _aजयशंकर प्रसाद के नाटकों का शैलीवैज्ञानिक विश्लेषण
246 _aJayashankar prasād ke nāṭakoan kā shailīvaijnyānik vishleṣhaṇa
260 _aदिल्ली
_b श्री नटराज प्रकाशन
_c2004
300 _a170पृ.
_ccm.
942 _hO152,2M89:g(P), P4
_cTEXL
_2CC
999 _c294472
_d294472